| 000 | 01737nam0a2200373 4500 | ||
|---|---|---|---|
| 001 | RU\NLR\bibl\70395 | ||
| 005 | 20260407053023.0 | ||
| 010 |
_a5-86134-065-Х _9150 |
||
| 021 |
_aRU _b1999-35347 _91740 |
||
| 035 | _a(NLR Aleph) 000068676 | ||
| 090 |
_a377681 _c377681 |
||
| 100 | _a20000215d1999 |||y0rusy50 ca | ||
| 101 | 0 | _arus | |
| 102 | _aRU | ||
| 105 | _aa ||||||||| | ||
| 200 | 1 |
_aМеждународная конференция по анализу и геометрии, посвященная 70-летию академика Юрия Григорьевича Решетняка, 30 авг. - 3 сент. 1999 г., Новосибирск _eТез. докл. |
|
| 210 |
_aНовосибирск _cИзд-во Ин-та математики _d1999 |
||
| 215 |
_a135 с. _d20 _cпортр. |
||
| 300 | _aВ надзаг.: Ин-т математики им. С.Л. Соболева СО РАН | ||
| 300 | _aНа обл.: 275 лет Рос. акад. наук | ||
| 300 | _aТекст на рус. и англ. яз. | ||
| 320 | _aБиблиогр. в конце докл. | ||
| 320 | _aАвт. указ.: с. 132-135 | ||
| 606 | 0 |
_aГеометрия _jТезисы докладов _9935458 _3RU\NLR\auth\6626625 |
|
| 606 | 0 |
_aМатематический анализ _jТезисы докладов _9963473 _3RU\NLR\auth\6641277 |
|
| 686 | _aВ161я431(0) | ||
| 686 | _aВ181я431(0) | ||
| 710 | 1 | 2 |
_aМеждународная конференция по анализу и геометрии _f1999 _eНовосибирск _3RU\NLR\AUTH\8810022847 _9543711 |
| 801 | 0 |
_aRU _bNLR _c20000215 _gPSBO |
|
| 801 | 1 |
_aRU _bNLR _c20000215 |
|
| 852 |
_aNLR _j99-3/18803 |
||
| 942 | _cBOOK | ||
| 980 | _aNB | ||